Історія стародавнього сходу (Запис № 333767)

МАРК-запис
000 -Лідер
fixed length control field 00677nam a22002417a 4500
001 - Контрольний номер
control field 47669
003 - Ідентифікатор контрольного номера
control field UA-OsUOA
005 - Дата та час останнього входження (трансакції)
control field 20200220114138.0
007 - Фіксоване поле фізичного опису
fixed length control field ta
008 - Елементи даних фіксованої довжини – загальна інформація
fixed length control field 20070815b un ||||| |||| 00| 0 ukr d
020 ## - Міжнародний стандартний книжковий номер (ISBN)
Міжнародний стандартний книжковий номер (ISBN) (НП) 9660601565
040 ## - Джерело каталогізації
Агенція оригінальної каталогізації UA-OsUOA
Мова каталогізації ukr
Агенція, яка здійснювала перезапис UA-OsUOA
Агенція, яка здійснювала модифікацію UA-OsUOA
041 ## - Код мови
Код мови тексту/ звукової доріжки чи окремого заголовка (П) ukr
080 ## - Індекс Універсальної десяткової класифікації
Індекс Універсальної десяткової класифікації (УДК) (НП) 94(35)(075.8)
090 ## - Локальний шифр розміщення
Класифікаційний індекс УДК 94(35)(075.8)
Авторський знак (НП) К82
100 ## - Основне введення – ім’я особи
Ім’я особи (НП) Крижанівський О. П.
245 ## - Відомості про назву
Назва (НП) Історія стародавнього сходу
Решта назви (НП) підручник
260 ## - Публікація, розповсюдження і т.п. (Вихідні дані)
Місце публікації, розповсюдження і т.п. (П) К.
Ім’я/ наймення видавництва, розповсюджувача і т.п. (П) Либідь
Дата публікації, розповсюдження і т.п. (П) 2000
300 ## - Фізичний опис
Обсяг 592 с.
650 #7 - Додаткове предметне введення – тематичний термін
Тематичний термін чи географічна назва, як елемент введення (НП) 9 Географія. Біографії. Історія
Джерело заголовка чи терміна UDC
942 ## - Додаткові елементи входу (Коха)
Тип елемента Koha Книги
Source of classification or shelving scheme Universal Decimal Classification
955 ## - Код типу видання за змістом
Код типу видання за змістом (НП) Навчальні видання
Фонди
Стан вилучень Стан втрат Джерело класифікації або схеми стелажів Стан уражень Не для кредиту Постійне місце розташування Поточне розміщення Дата придбання Інвентарний номер Усього замовленно Повний номер виклику Штрих-код Дата останнього перегляду Дата останньої перевірки Ціна ефективна від Тип елемента Koha Усього утримується
Withdrawn   Universal Decimal Classification   Not For Loan АБ - Абонемент НБ АБ - Абонемент НБ 15/08/2007 23223 1 94(35)(075.8) К82 23223 07/06/2023 18/02/2020 15/08/2007 Книги  
Withdrawn   Universal Decimal Classification     АБ - Абонемент НБ АБ - Абонемент НБ 15/08/2007 23244   94(35)(075.8) К82 23244 13/07/2019   15/08/2007 Книги  
    Universal Decimal Classification     АБ - Абонемент НБ АБ - Абонемент НБ 15/08/2007 23250   94(35)(075.8) К82 23250 09/05/2022   15/08/2007 Книги 1
    Universal Decimal Classification     АБ - Абонемент НБ АБ - Абонемент НБ 15/08/2007 23258   94(35)(075.8) К82 23258 18/01/2022   15/08/2007 Книги  
Withdrawn   Universal Decimal Classification   Not For Loan АБ - Абонемент НБ АБ - Абонемент НБ 20/09/2012 54556 1 94(35)(075.8) К82 54556 22/06/2023 18/02/2020 15/08/2007 Книги  
    Universal Decimal Classification     АБ - Абонемент НБ АБ - Абонемент НБ 15/08/2007 54557   94(35)(075.8) К82 54557 18/01/2022   15/08/2007 Книги  
    Universal Decimal Classification     АБ - Абонемент НБ АБ - Абонемент НБ 15/08/2007 56962   94(35)(075.8) К82 56962 18/01/2022   15/08/2007 Книги  
    Universal Decimal Classification     АБ - Абонемент НБ АБ - Абонемент НБ 15/08/2007 56963 1 94(35)(075.8) К82 56963 18/01/2022 18/02/2020 15/08/2007 Книги  
    Universal Decimal Classification     АБ - Абонемент НБ АБ - Абонемент НБ 15/08/2007 56964 1 94(35)(075.8) К82 56964 18/01/2022 13/10/2020 15/08/2007 Книги  
    Universal Decimal Classification     АБ - Абонемент НБ АБ - Абонемент НБ 15/08/2007 56965 1 94(35)(075.8) К82 56965 18/01/2022 18/02/2020 15/08/2007 Книги